000 00627nam a22001817a 4500
005 20251108164321.0
008 250721s1982 xx 000 0 ara d
082 1 4 _a811.63609/عار
100 1 _aتامر، عارف
245 1 0 _aتميم الفاطمي :
_bإبن المعزالدين الله الفاطمي شاعر الحب و العاطفة و الجمال /
264 1 _aبيروت :
_bمؤسسة عزالدين للطباعة،
_c1982.
300 _a214ص
650 1 7 _aالشعر العربي
650 1 7 _aالفاطميون 909-1171
650 1 7 _aالنقد الأدبي
942 _2ddc
_cBK
999 _c9175
_d9175